| 000 | 00427nam a2200133Ia 4500 | ||
|---|---|---|---|
| 008 | 150610s9999 xx 000 0 und d | ||
| 020 | _a9710871056 | ||
| 050 |
_aHG173 _b.Al66 2010 |
||
| 100 | _aAlminar-Mutya, Ruby F. | ||
| 245 |
_aBasic business finance : _bmanagement approach / _cRuby F. Alminar-Mutya . |
||
| 260 |
_aMandaluyong City : _bNational Book Store, _c2010. |
||
| 300 |
_a272pages ; _c22 cm. |
||
| 520 | _aFinance | ||
| 999 |
_c288250 _d288250 |
||